| 000 | 02364nam0a2200385 4500 | ||
|---|---|---|---|
| 001 | RU\NLR\BIBL_A\012629532 | ||
| 005 | 20220929112406.0 | ||
| 010 |
_a978-5-7410-2463-8 _9300 |
||
| 021 |
_aRU _bКН-П-21-040335 _9КН-П-21-3157 |
||
| 035 | _a(NLR Aleph) 012629532 | ||
| 090 |
_a12662724 _c12662724 |
||
| 100 | _a20211022d2020 k y0rusy50 ca | ||
| 101 | 0 | _arus | |
| 102 | _aRU | ||
| 105 | _aab||z|||000zy | ||
| 181 | 0 |
_ai3 _baxxe |
|
| 182 | 0 | _an | |
| 200 | 1 |
_aТеоретические основы пассажирских межмуниципальных автомобильных перевозок _eмонография _fН. Н. Якунин, И. И. Любимов, Н. В. Якунина, А. Ф. Фаттахова _gМинистерство науки и высшего образования Российской Федерации, Федеральное государственное бюджетное образовательное учреждение высшего образования "Оренбургский государственный университет" |
|
| 203 |
_aТекст _bвизуальный _cнепосредственный |
||
| 210 |
_aОренбург _cОренбургский государственный университет _d2020 |
||
| 215 |
_a191, [1] с. _cил., карт. _d21 |
||
| 300 | _aАвт. указаны на обороте тит. с. | ||
| 606 | 1 |
_aАвтобусные перевозки междугородные _xОрганизация _91174911 _3RU\NLR\AUTH\66154342 |
|
| 686 | 1 | _aО385.302 | |
| 701 | 1 |
_aЯкунин _bН. Н. _cд-р техн. наук _gНиколай Николаевич _9176922 _3RU\NLR\AUTH\770176973 |
|
| 701 | 1 |
_aЛюбимов _bИ. И. _cканд. техн. наук _gИгорь Ильич _9176951 _3RU\NLR\AUTH\770177002 |
|
| 701 | 1 |
_aЯкунина _bН. В. _cд-р техн. наук _gНаталья Владимировна _9176937 _3RU\NLR\AUTH\770176988 |
|
| 701 | 1 |
_aФаттахова _bА. Ф. _gАльмира Файзулловна |
|
| 712 | 0 | 2 |
_4475 _aОренбургский государственный университет _9461907 _3RU\NLR\AUTH\889983002 |
| 942 | _cBOOK | ||
| 980 | _aNBR | ||
| 980 | _aNB | ||